000 00411nam a2200133Ia 4500
008 160216s9999 xx 000 0 und d
100 _aTeam FME
245 _aEffective communications: communication skills /
245 _cTeam FME.
260 _c2013
650 _xCommunication skills.
650 _xEffective communication.
856 _uhttp://media.wix.com/ugd/f47560_3c1db24e348a4c68806b357dd63a904d.pdf
999 _c290618
_d290618